Xử lý số liệu thực nghiệm trong kỹ thuật
Quyển sách giới thiệu một phương pháp toán học được sử dụng rộng rãi trong nghiên cứu, học tập và cả trong sản xuất thực tế, các lý thuyết được ứng dụng trong xử lý số liệu là lý thuyết thống kê, lý thuyết tối ưu hóa và ứng dụn...
সংরক্ষণ করুন:
| প্রধান লেখক: | |
|---|---|
| বিন্যাস: | গ্রন্থ |
| ভাষা: | Undetermined |
| প্রকাশিত: |
Hà Nội
Khoa học và Kỹ thuật
2009
|
| বিষয়গুলি: | |
| ট্যাগগুলো: |
ট্যাগ যুক্ত করুন
কোনো ট্যাগ নেই, প্রথমজন হিসাবে ট্যাগ করুন!
|
| Thư viện lưu trữ: | Trung tâm Học liệu Trường Đại học Cần Thơ |
|---|
| LEADER | 01024nam a2200205Ia 4500 | ||
|---|---|---|---|
| 001 | CTU_149075 | ||
| 008 | 210402s9999 xx 000 0 und d | ||
| 020 | |c 43000 | ||
| 082 | |a 519.5 | ||
| 082 | |b Y600 | ||
| 100 | |a Nguyễn, Doãn Ý | ||
| 245 | 0 | |a Xử lý số liệu thực nghiệm trong kỹ thuật | |
| 245 | 0 | |c Nguyễn Doãn Ý | |
| 260 | |a Hà Nội | ||
| 260 | |b Khoa học và Kỹ thuật | ||
| 260 | |c 2009 | ||
| 520 | |a Quyển sách giới thiệu một phương pháp toán học được sử dụng rộng rãi trong nghiên cứu, học tập và cả trong sản xuất thực tế, các lý thuyết được ứng dụng trong xử lý số liệu là lý thuyết thống kê, lý thuyết tối ưu hóa và ứng dụng, phương pháp thực nghiệm. | ||
| 650 | |a Mathematical statistics,Experimental design | ||
| 904 | |i Giang | ||
| 980 | |a Trung tâm Học liệu Trường Đại học Cần Thơ | ||